Κατάλογος Βιβλιοθηκών Mediterranean College

The Psychology of Interrogations, Confessions and Testimony (Record no. 3680)

MARC details
000 -LEADER
fixed length control field 01325cam a22001934a 4500
005 - ΗΜΕΡΟΜΗΝΙΑ ΚΑΙ ΩΡΑ ΤΕΛΕΥΤΑΙΑΣ ΕΝΗΜΕΡΩΣΗΣ
Πεδίο ελέγχου 20250605164122.0
008 - FIXED-LENGTH DATA ELEMENTS--GENERAL INFORMATION
Πεδίο ελέγχου σταθερού μήκους 250528s ||||||||||||||||||||||||d
035 ## - SYSTEM CONTROL NUMBER
System control number 18317
020 ## - ISBN
ISBN 471961779
040 ## - ΠΗΓΗ ΚΑΤΑΛΟΓΟΓΡΑΦΗΣΗΣ
Φορέας πρωτότυπης καταλογογράφησης MC Athens Campus Library
Γλώσσα καταλογογράφησης Ελληνικά, Μοντέρνα (1453-)
Modifying agency MC Athens Campus Library
Κανόνες περιγραφικής καταλογογράφησης AACR2
245 1# - ΤΙΤΛΟΣ ΚΑΙ ΔΗΛΩΣΗ ΥΠΕΥΘΥΝΟΤΗΤΑΣ
Τίτλος The Psychology of Interrogations, Confessions and Testimony
260 ## - PUBLICATION, DISTRIBUTION, ETC.
Name of publisher, distributor, etc. Wiley,
Date of publication, distribution, etc. 1998
300 ## - PHYSICAL DESCRIPTION
Extent 362
520 ## - SUMMARY, ETC.
Summary, etc. Essential reading for all those involved in the investigation of criminal allegations and trying defendants in court. Preface, Acknowledgements, Introduction, Interviewing: Basic Principles and Theory, Interrogation Tactics and Techniques, Why Do Suspects Confess?, The Role of Perception and Memory in Witness Testimony, Suggestibility: Historical and Theoretical Aspects, Interrogative Suggestibility: Empirical Findings, Psychological Techniques for Enhancing Memory Retrieval, Psychological Techniques for Evaluating Testimony and Documents, The Psychology of False Confession: Research and Theoretical Issues, The Psychology of False Confession: Case Examples, The Guiltford Four and the Birmingham Six, Legal Aspects of Disputed Confessions, Disputed Confessions: The Psychological Assessment, Summary and Conclusions, Bibliography, Index.
700 1# - ΠΡΟΣΘΕΤΗ ΑΝΑΓΡΑΦΗ--ΦΥΣΙΚΟ ΠΡΟΣΩΠΟ
Personal name Gudjonsson Gisli
9 (RLIN) 4590
942 ## - ADDED ENTRY ELEMENTS (KOHA)
Koha item type Books
Holdings
Τύπος τεκμηρίου Βιβλιοθήκη Τρέχουσα τοποθεσία Barcode Αριθμός εισαγωγής Ημερομηνία απόκτησης Ταξιθετικό σύμβολο Αριθμός αντιτύπου Κατάσταση απόσυρσης Κατάσταση χαμένου Κατάσταση κατεστραμμένου Μη δανεισμός Σύνολο δανεισμών Ημερομηνία τελευταίας εμφάνισης Η τιμή ισχύει από
Books MC Athens Campus Library MC Athens Campus Library 9780000036797 2927 05/06/2025 363.2/54 GUD 1           05/06/2025 05/06/2025

MC Athens Campus Library
Πατησίων 94 & Κοδριγκτώνος 13, 104 34
Πελλήνης 8 & Πατησίων 107, 112 51
Τ: +30 210 8899600

MC Thessaloniki Campus Library
Ίωνος Δραγούμη 21, 54625 | Ίωνος Δραγούμη 15, 54625
Τ: +30 2310 287779 – Τ: +30 2314 440300